Marketingové aktivity sanatória Tatranská kotlina n.o bakalárska práca

Saved in:
Bibliographic Details
Main Author: Badaničová, Paula
Corporate Author: Podnikovohospodárska fakulta EU so sídlom v Košiciach. Katedra marketingu a obchodu
Other Authors: Ručinský, Rastislav
Format: Book
Language:Slovak
Published: Košice 2010
Tags: Add Tag
No Tags, Be the first to tag this record!

MARC

LEADER 00000nbm a2200000 4500
001 0132745
005 20161109111440.5
041 0 |a slo 
044 |a SK 
245 1 0 |a Marketingové aktivity sanatória Tatranská kotlina n.o  |b bakalárska práca  |c Paula Badaničová ; školiteľ: Rastislav Ručinský 
264 1 |a Košice  |c 2010 
300 |a 56 s. 
100 1 |a Badaničová, Paula 
700 1 |a Ručinský, Rastislav 
710 2 |a Podnikovohospodárska fakulta EU so sídlom v Košiciach. Katedra marketingu a obchodu